Регионална библиотека "Любен Каравелов" - Русе

Етрополе (Запис номер 388025)

MARC детайли
000 -Лидер
Контролно поле с фиксирана дължина nkm a22 7a 4500
003 - Код на организацията, давaща контролен номер
Контролно поле BLK
005 - Дата и час на последна редакция
Контролно поле 20200921161311.0
008 - Елементи от данни с фиксирана дължина
fixed length control field 200720b bu ||||| |||| 00| 0 bu d
040 ## - Източник на каталожния запис
Идентификатор на билиотеката - собственик на записа BLK
041 ## - Код за език
Код за езика на текст/звукозапис или на отделно заглавие Български
Код за езика КДБФ Български
080 ## - УДК
Текстов определител УДК Краезнание
УДК код - определител по УДК 908
УДК определител (497.21-21)(084)
УДК - код + определител 908(497.21-21)(084)
100 ## - Редна дума - Автор
R(LIN) 411075
Автор Филипова, Янка
Авторска отговорност авт.-състав.
139 ## - Редно поле
Редна дума Филипова, Янка
Авторски знак Фили - Ф 50
245 ## - Сведения за заглавието
Заглавие Етрополе
Подзаглавни данни Изобразителен материал: албум
Редно поле (дума) Авт.-състав. Янка Филипова; снимки Нейчо Иванов
257 ## - Страна на издаване
Страна на създаване/издаване България
260 ## - Област на издателските данни
9 (RLIN) 210539
Място на издаване, разпространение и проч. София
Име на издателя, разпространителя и проч. Септември
Година на издаване 1981
Издателство - префикс ISBN 954-406-
300 ## - Физическа характеристика
Страници 1 албум (12 с.)
Размери/Мащаб 20Х20 см
Илюстрации и др. с фотогр.
380 ## - Жанр
Жанр Изкуство
500 ## - Общи забележки
Забележка Авт.-състав. посочен в библиогр. каре. - Парал. текст на рус. и нем. ез. - 10 000 тир.
650 #7 - Допълнително описание по предмет – тема
9 (RLIN) 155199
Основно описание – тема или топоним Етрополе - история
651 #7 - Допълнително описание по предмет - топоним
9 (RLIN) 178888
Географско понятие Етрополе
653 #0 - Ключова дума – ненормативна
9 (RLIN) 401783
Ключова дума снимкови албуми
700 1# - Други автори (авторска отговорност)
9 (RLIN) 122627
Лично име Спасова, Росица
Автороска отговорност (Описва отношението между автора и произведението) ред.
700 ## - Други автори (авторска отговорност)
9 (RLIN) 394963
Лично име Иванов, Нейчо
Автороска отговорност (Описва отношението между автора и произведението) снимки
852 ## - Местоположение
Форматна сигнатура Цб 301520
Фондова буква Хранилище
999 ## - СИСТЕМНИ КОНТРОЛНИ НОМЕРА
Koha biblionumber 388025
Koha biblioitemnumber 388025
942 ## - АРТИКУЛИ
Вид на библиотечния материал Книги
Скрит в OPAC Не
Периодичен библиозапис Да
944 ## - СЪЗДАВАНЕ И РЕДАКЦИЯ на ЗАПИСА
Създаване/Редакция Създаване
Дата на регистрацията/редакция 2020-09-21
Служител, извършил регистрацията/редакцията С.Т.
999 ## - СИСТЕМНИ КОНТРОЛНИ НОМЕРА
Koha biblioitemnumber 388025
999 ## - СИСТЕМНИ КОНТРОЛНИ НОМЕРА
Koha biblioitemnumber 388016
999 ## - СИСТЕМНИ КОНТРОЛНИ НОМЕРА
Koha biblioitemnumber 388008
Наличности
Код за отписване Код за изгубен артикул Източник на класификационната схема Код за повреда Коз за рестрикции Код за отдаване Артикулен № Име на библиотеката - собственик Име на библиотеката, в която се намира в момента Статус (Текущо местоположение) Дата на вписване в системата Местоположение - отдел Цена в лева Инвентарен номер Систематично азбучна сигнатура Баркод Цена в евро Служебен тип на артикула
  Не е изгубен Universal Decimal Classification Не е повреден само за читалня ползва се в читалня 801232 Регионална библиотека "Любен Каравелов" Русе Регионална библиотека "Любен Каравелов" Русе Хранилище 2020-09-28 Хранилище 0.43 329349 Цб 301520 120000329349 0.22 Книги
Vip Innovations Ltd, Rousse, Bulgaria 2025